000 01055nam a22003377a 4500
003 CHAP
005 20220329143707.0
008 110207s1986 us r 00010 eng d
010 _a100450
011 _a101422
020 _a0879835346
035 _a112110
040 _cCHAP
082 0 4 _a615.321
_bM872
100 1 _aMowrey, Daniel B.
_979184
245 1 4 _aThe scientific validation of herbal medicine
_c/por Daniel B. Mowrey
260 _aNew Canaan, Conn. :
_bKeats Pub.,
_cc1986
300 _axx, 316 p.
590 _aBATCH-UPD
_b10
_c20130110
_lUCH01
_h1137
590 _aBATCH-UPD
_b10
_c20130410
_lUCH01
_h0724
590 _aBATCH-UPD
_b10
_c20130914
_lUCH01
_h0743
590 _aCONVERSION
_b10
_c20130109
_lUCH01
_h1355
650 1 4 _aBotánica médica.
_914680
650 1 4 _aMedicina tradicional.
_973921
650 1 4 _aNutrición.
_982246
650 1 4 _aTerapéutica fisiológica.
_9112346
650 1 4 _aVitaminas.
_9120010
901 _aBK
942 _cLIBRO
949 _a615.321 M872
_bBC
_cLIBRO
_d33724002232025
_eLIBRO
_h114163
_i112110
_sb
999 _c100450
_d100450